000 01604nab a2200337 a 4500
005 20210219162444.0
008 991125s1985 mx 000 0 spa u
035 _aUPN01000204367
049 _aART-E
100 1 _aPulido Díaz, Arturo
100 1 _uarturop@ucp.pr.rimed.cu
100 1 _aCabezas Gómez, Omar
100 1 _uomarcg@ucp.pr.rimed.cu
222 0 _aMENDIVE :
_bREVISTA CIENTIFICO PEDAGOGICA
245 0 0 _aAlgunas consideraciones sobre la construcción del marco teórico-referencial en la investigación educacional
260 _aPinar del Río, Cuba
300 _a1-7
362 0 _a2015, Vol. 13, no. 50. ene.-dic.
520 3 _aEl artículo presenta las insuficiencias del comportamiento real del proceso de construcción del marco teórico-referencial, en las tesis de especialidades, maestrías y doctorado de la investigación educacional. En este sentido, se ofrece un conjunto de consideraciones teóricas y metodológicas para la construcción de dicho marco, que puede servir de propuestas a los docentes que imparten docencia y asesoran la formación académica de posgrado y a los propios investigadores en su actividad científica.
653 0 _aPOSGRADO
653 0 _aFORMACION PARA LA INVESTIGACION
653 0 _aELABORACION DE TESIS
653 0 _aMETODOLOGIA
653 0 _aINVESTIGACION EDUCATIVA
856 4 _uhttp://www.revistamendive.rimed.cu/nfuentes/num50/pdf/Art_1_Arturo.pdf
905 _aArticulo
336 _atexto$2rdacontent
337 _acomputadora$2rdamedia
338 _arecurso en linea$2rdacarrier
999 _c176468
_d176468